Culture Générale - Série 1764 - Statistiques

Statistiques générales
  • Ce quiz a été pris 291 fois
  • Le résultat moyen est 7 sur 10
Statistiques - réponses
Question Réponse % Correct
Quel journal a été attaqué par terroristes islamistes en janvier 2015 ? Charlie Hebdo
93%
À quel écrivain attribue-t-on la rédaction de l’Illiade et l’Odyssée ? Homère
85%
Quel pays a remporté la coupe du monde de football en 2014 ? Allemagne
84%
Quel animal ricane ? hyène
84%
Dans quelle ville italienne se situe l’action de la pièce de Shakespeare “Roméo et Juliette” ? Vérone
81%
Quelle fleur est le symbole de la pureté ? lys
80%
Par quel mot désigne-t-on une belle-mère cruelle ? marâtre
76%
Quel cinéaste a réalisé “Parle avec elle” et “Volver” ? Pedro Almodovar
57%
Comment appelle-t-on un ion négatif ? anion
53%
Quel rivière arrose la ville suisse de Berne ? Aar
27%
Aucun quiz correspondant
Distribution des résultats
% des personnes avec chaque résultat
Percentile par nombre de réponses
Votre historique - résultats
Vous n’avez pas pris ce quiz